Soviet politics : continuity and contradiction /

Bibliographic Details
Main Author: Smith, Gordon B.
Format: Book
Language:English
Published: New York : St. Martin's Press, 1988.
Subjects:

MARC

Tag First Indicator Second Indicator Subfields
LEADER 00000cam a2200000 a 4500
001 in00000008521
005 20151003070013.0
008 870212s1988 nyua b 00110 eng
010 |a  87004610  
020 |a 0312007957 :  |c $35.00 
035 |a (OCoLC)15251703 
035 |9 AAA0915AM 
040 |a DLC  |c DLC  |d TXA  |d UtOrBLW 
043 |a e-ur--- 
050 0 0 |a JN6511  |b .S56 1988 
082 0 |a 947.084  |2 19 
100 1 |a Smith, Gordon B. 
245 1 0 |a Soviet politics :  |b continuity and contradiction /  |c Gordon B. Smith. 
264 1 |a New York :  |b St. Martin's Press,  |c 1988. 
300 |a xi, 388 pages :  |b illustrations ;  |c 24 cm. 
336 |a text  |b txt  |2 rdacontent 
337 |a unmediated  |b n  |2 rdamedia 
338 |a volume  |b nc  |2 rdacarrier 
504 |a Includes bibliographies and index. 
536 |a Dr. Paul P. Van Riper Collection, Department of Political Science. 
651 0 |a Soviet Union  |x Politics and government. 
651 0 |a Soviet Union  |x Social conditions. 
999 |a MARS 
999 f f |s 2140947d-e351-3356-8e11-d79fbc976158  |i 138a2b98-eff8-368d-b3bc-5016cc6b7d3a  |t 0 
952 f f |p ric  |a Texas A&M University  |b Rellis Campus  |c Joint Library Facility  |d Remote Storage  |t 0  |e JN6511 .S56 1988  |h Library of Congress classification  |i unmediated -- volume  |m A14812612828 
998 f f |a JN6511 .S56 1988  |t 0  |l Remote Storage